[Event "WYCC U16 Open 2013"]
[Site "Al-Ain UAE"]
[Date "2013.12.21"]
[Round "5.4"]
[White "Saiyn, Zhanat"]
[Black "Gireman, Ja"]
[Result "1-0"]
[WhiteTitle "FM"]
[WhiteElo "2360"]
[BlackElo "2248"]
[WhiteFideId "13703820"]
[BlackFideId "5043794"]
[EventDate "2013.12.18"]

1. d4 Nf6 2. c4 g6 3. Nc3 d5 4. Bf4 Bg7 5. e3 c6 6. Nf3 O-O 7. h3 Ne4 8. cxd5
Nxc3 9. bxc3 cxd5 10. Be2 Nc6 11. O-O b6 12. c4 dxc4 13. Bxc4 Bb7 14. Rc1 Rc8
15. Be2 Nb4 16. Qb3 Nd5 17. Bh2 Qd7 18. Ne5 Bxe5 19. Bxe5 Nf6 20. f3 Bd5 21. Qa3
Qe6 1-0

[Event "WYCC U16 Open 2013"]
[Site "Al-Ain UAE"]
[Date "2013.12.21"]
[Round "5.5"]
[White "Stathopoulos, Ioannis"]
[Black "Azarya, Jodi Setyaki"]
[Result "1/2-1/2"]
[WhiteTitle "FM"]
[BlackTitle "CM"]
[WhiteElo "2297"]
[BlackElo "2112"]
[WhiteFideId "4223098"]
[BlackFideId "7101589"]
[EventDate "2013.12.18"]

1. d4 Nf6 2. c4 g6 3. Nc3 d5 4. cxd5 Nxd5 5. e4 Nxc3 6. bxc3 Bg7 7. Be3 c5 8.
Nf3 Qa5 9. Qd2 cxd4 10. cxd4 Qxd2+ 11. Nxd2 O-O 12. Rc1 Rd8 13. Bb5 Nc6 14. Bxc6
bxc6 15. Nb3 Be6 16. Rxc6 Bxb3 17. axb3 Bxd4 18. Ke2 Rab8 19. Rd1 Bxe3 20. Rxd8+
Rxd8 21. Kxe3 e5 22. Ra6 Rd7 23. b4 1/2-1/2

[Event "WYCC U16 Open 2013"]
[Site "Al-Ain UAE"]
[Date "2013.12.21"]
[Round "5.6"]
[White "Lamard, Guillaume"]
[Black "Bluebaum, Matthias"]
[Result "1/2-1/2"]
[WhiteTitle "FM"]
[BlackTitle "IM"]
[WhiteElo "2288"]
[BlackElo "2529"]
[WhiteFideId "600261"]
[BlackFideId "24651516"]
[EventDate "2013.12.18"]

1. c4 c6 2. d4 d5 3. cxd5 cxd5 4. Bf4 Nc6 5. e3 Nf6 6. Nc3 Bg4 7. Qb3 Na5 8.
Qa4+ Bd7 9. Qc2 e6 10. Bd3 Bb4 11. Ne2 Rc8 12. O-O O-O 13. f3 Qb6 14. e4 Bb5 15.
Bxb5 Qxb5 16. a3 Bxc3 17. bxc3 Qc6 18. e5 Nd7 19. Rfb1 Rc7 20. a4 Nb6 21. Rb4
Rfc8 22. Qc1 Qd7 23. Bg5 Nbc4 24. Nf4 Qe8 25. g4 Qf8 26. Nh5 Nb6 27. Rab1 Rxc3
28. Qe1 Nd7 29. Rxb7 Nxb7 30. Rxb7 Qa3 31. Rxd7 h6 32. Bd2 Rc1 33. Rd8+ Kh7 34.
Rxc8 Rxe1+ 35. Bxe1 Qxf3 36. Bf2 Qxg4+ 37. Ng3 h5 38. Rc7 h4 39. Rxa7 hxg3 40.
hxg3 Kg6 41. a5 Qd1+ 42. Kg2 Qa4 43. Ra8 f6 44. Ra6 Kf5 45. exf6 gxf6 46. g4+
Kxg4 47. Rxe6 Kf5 48. Re3 Qxa5 49. Rf3+ Ke6 50. Rf4 Qd2 51. Kf3 Qd1+ 52. Ke3 f5
53. Bh4 Qc2 54. Kf3 Kf7 55. Ke3 Kg6 56. Kf3 Kh5 57. Bd8 Qb3+ 58. Kf2 Qb8 59.
Rh4+ Kg6 60. Be7 Qb7 61. Bd6 Qb2+ 62. Kf3 Qc3+ 63. Kf2 Qd2+ 64. Kf3 Qe1 65. Rf4
Kg5 66. Be5 Qd2 67. Bd6 Kf6 68. Be5+ Ke6 69. Rh4 Qd3+ 70. Kf2 Kd7 71. Rf4 Qh3
72. Rf3 Qh4+ 73. Ke2 Qg4 74. Kf2 Ke6 75. Rf4 Qd1 76. Rh4 Qd2+ 77. Kf3 Qg5 78.
Rf4 Kf7 79. Kf2 Kg6 80. Rf3 Qd2+ 81. Kg3 Qe1+ 82. Kg2 Qe4 83. Kg3 Kh5 84. Kf2
Kg4 85. Rg3+ Kh4 86. Rf3 Qc2+ 87. Ke3 Kg5 88. Rg3+ Kh5 89. Kf3 Qd2 90. Rh3+ Kg6
91. Rg3+ Kf7 92. Rg7+ Kf8 93. Rg3 Qe1 94. Bd6+ Kf7 95. Be5 Qe4+ 96. Kf2 f4 97.
Rf3 Qc2+ 98. Kf1 Qd1+ 99. Kf2 Qd2+ 100. Kf1 Qd1+ 101. Kf2 1/2-1/2

[Event "WYCC U16 Open 2013"]
[Site "Al-Ain UAE"]
[Date "2013.12.21"]
[Round "5.7"]
[White "Wagner, Dennis"]
[Black "Bilguun, Sumiya"]
[Result "1/2-1/2"]
[WhiteTitle "IM"]
[BlackTitle "FM"]
[WhiteElo "2467"]
[BlackElo "2270"]
[WhiteFideId "24650684"]
[BlackFideId "4901541"]
[EventDate "2013.12.18"]

1. d4 d5 2. c4 e6 3. Nc3 c6 4. e3 Nf6 5. Nf3 Nbd7 6. Qc2 Bd6 7. Bd3 dxc4 8. Bxc4
b5 9. Be2 a6 10. O-O c5 11. dxc5 Bxc5 12. e4 e5 13. Bg5 Bb7 14. a4 b4 15. Nd5
Rc8 16. Qb3 Bxd5 17. exd5 Qb6 18. a5 Qd6 19. Bxf6 Nxf6 20. Qa4+ Kf8 21. Nd2 g6
22. Nc4 Qb8 23. Nb6 Bxb6 24. axb6 Qxb6 25. Qxa6 Qxa6 26. Bxa6 Rc2 27. b3 Nxd5
28. Ra5 Rd2 29. Bc4 Nb6 30. Rxe5 1/2-1/2

[Event "WYCC U16 Open 2013"]
[Site "Al-Ain UAE"]
[Date "2013.12.21"]
[Round "5.8"]
[White "Stremavicius, Titas"]
[Black "Alekseenko, Kirill"]
[Result "0-1"]
[BlackTitle "FM"]
[WhiteElo "2279"]
[BlackElo "2445"]
[WhiteFideId "12804444"]
[BlackFideId "4135539"]
[EventDate "2013.12.18"]

1. d4 d5 2. c4 dxc4 3. e4 Nf6 4. e5 Nd5 5. Bxc4 Nb6 6. Bb3 Nc6 7. Ne2 Bf5 8.
Nbc3 e6 9. Be3 Qd7 10. O-O O-O-O 11. Rc1 Kb8 12. Na4 f6 13. Nxb6 axb6 14. exf6
gxf6 15. Ba4 Bd6 16. d5 exd5 17. Nd4 Rdg8 18. f3 Qg7 19. Nxc6+ bxc6 20. Rf2 Bd7
21. Bxc6 Bxc6 22. Rxc6 Qd7 23. Rfc2 Kb7 24. Qc1 Rc8 25. Kh1 Rhe8 26. Bg1 Re6 27.
R6c3 c5 28. Rd3 Bf8 29. Qd1 Rd6 30. h3 Qf5 31. Rcd2 Rcd8 32. Ra3 Qd7 33. Bh2 Re6
34. Rad3 Qe8 35. Bg1 Re1 36. Qc2 Rxg1+ 37. Kxg1 Qe1+ 38. Kh2 Bd6+ 39. f4 Bxf4+
40. g3 Bxd2 41. Rxd2 Qe7 42. Re2 Qd7 43. Qc3 Qd6 44. Qd3 Rd7 45. Qf3 Qc6 46. Qf5
d4 47. Re6 Qb5 48. Qf3+ Ka7 49. Qg2 c4 50. Re8 Qd5 51. Qc2 Qc6 52. Re1 d3 53.
Qd2 Qa4 54. b3 Qa5 55. Qxa5+ bxa5 56. bxc4 d2 0-1

[Event "WYCC U16 Open 2013"]
[Site "Al-Ain UAE"]
[Date "2013.12.21"]
[Round "5.9"]
[White "Girish, A. Koushik"]
[Black "Salomon, Johan"]
[Result "1-0"]
[WhiteTitle "FM"]
[WhiteElo "2413"]
[BlackElo "2269"]
[WhiteFideId "5038448"]
[BlackFideId "1509500"]
[EventDate "2013.12.18"]

1. Nf3 d5 2. c4 d4 3. g3 g6 4. Bg2 Bg7 5. O-O e5 6. e3 Ne7 7. exd4 exd4 8. d3
O-O 9. b4 a5 10. b5 c5 11. bxc6 Nbxc6 12. Na3 Bf5 13. Nh4 Be6 14. Nb5 Qd7 15.
Rb1 h6 16. Re1 Nb4 17. a3 Na6 18. Nf3 Nc6 19. Bf4 g5 20. Bd6 Rfe8 21. h4 Bg4 22.
hxg5 hxg5 23. Qd2 f6 24. Nxg5 fxg5 25. Qxg5 Qf5 26. Bd5+ Kh8 27. Qh4+ Qh5 28.
Qxh5+ Bxh5 29. Kg2 Kh7 30. Rh1 Kg6 31. Bf4 Be2 32. Nd6 Re7 33. Nxb7 Ne5 34. Rb6+
Bf6 35. Rh6+ Kg7 36. Rbxf6 Bxd3 37. Rxa6 1-0

[Event "WYCC U16 Open 2013"]
[Site "Al-Ain UAE"]
[Date "2013.12.21"]
[Round "5.10"]
[White "Dastan, Muhammed Batuhan"]
[Black "Asgarizadeh, Ahmad"]
[Result "1/2-1/2"]
[WhiteTitle "IM"]
[WhiteElo "2409"]
[BlackElo "2267"]
[WhiteFideId "6300014"]
[BlackFideId "12505684"]
[EventDate "2013.12.18"]

1. e4 e5 2. Nf3 Nc6 3. Bc4 Bc5 4. c3 Nf6 5. d3 O-O 6. Nbd2 a6 7. Bb3 d6 8. h3 h6
9. Nf1 Be6 10. Ng3 d5 11. O-O Ba7 12. exd5 Bxd5 13. Bc2 Re8 14. Re1 Nd7 15. Be3
Qf6 16. Nh2 Bxe3 17. fxe3 Qg5 18. Nhf1 Rad8 19. e4 Be6 20. Qf3 Nf8 21. Ne3 Ng6
22. Ngf5 Nce7 23. d4 exd4 24. cxd4 Bxf5 25. exf5 Nh4 26. Qg4 Nc6 27. Qxg5 hxg5
28. d5 Nb4 29. Rac1 Nxc2 30. Rxc2 Nxf5 31. Kf2 Nxe3 32. Rxe3 Rxe3 33. Kxe3 Rxd5
34. Rxc7 Rb5 35. b3 f6 36. Kd4 g4 37. hxg4 Rg5 38. Rxb7 Rxg4+ 39. Kd5 Rxg2 40.
a4 Rd2+ 41. Ke4 Re2+ 42. Kd3 Re8 43. Rb6 a5 44. Rb5 Ra8 45. Kd4 1/2-1/2

[Event "WYCC U16 Open 2013"]
[Site "Al-Ain UAE"]
[Date "2013.12.21"]
[Round "5.11"]
[White "Mosadeghpour, Masoud"]
[Black "Wang, Yiye"]
[Result "0-1"]
[WhiteElo "2230"]
[BlackElo "2408"]
[WhiteFideId "12519278"]
[BlackFideId "8606021"]
[EventDate "2013.12.18"]

1. e4 e6 2. d4 d5 3. exd5 exd5 4. Bd3 Bd6 5. Nf3 Qe7+ 6. Be3 Be6 7. O-O h6 8.
Nc3 Nd7 9. Nb5 Ngf6 10. Nxd6+ Qxd6 11. Ne5 Nxe5 12. Bf4 Nfd7 13. dxe5 Qb4 14.
Bg3 O-O-O 15. f4 g6 16. Rb1 d4 17. Bh4 g5 18. fxg5 hxg5 19. Bxg5 Rdg8 20. Bf4
Bxa2 21. Qe1 Bd5 22. Rf2 Qb6 23. Be4 Qc6 24. Bxd5 Qxd5 25. c4 Qxc4 26. Rc1 Qe6
27. Qa5 Nb6 28. Qxa7 d3 29. Rc3 Rd8 30. Be3 d2 31. Bxd2 Rxd2 32. Rxd2 Qxe5 33.
Rd1 Qxh2+ 34. Kf2 Rg8 35. Rg1 Qf4+ 36. Rf3 Qd2+ 0-1

[Event "WYCC U16 Open 2013"]
[Site "Al-Ain UAE"]
[Date "2013.12.21"]
[Round "5.12"]
[White "Harutyunian, Tigran K."]
[Black "Bora, Safal"]
[Result "1/2-1/2"]
[WhiteTitle "FM"]
[WhiteElo "2390"]
[BlackElo "2176"]
[WhiteFideId "13303635"]
[BlackFideId "2066149"]
[EventDate "2013.12.18"]

1. d4 Nf6 2. c4 g6 3. Nc3 d5 4. cxd5 Nxd5 5. e4 Nxc3 6. bxc3 Bg7 7. Nf3 c5 8.
Be3 Qa5 9. Qd2 Nc6 10. Rb1 a6 11. Rc1 cxd4 12. cxd4 Qxd2+ 13. Kxd2 f5 14. e5 Be6
15. Bc4 Bxc4 16. Rxc4 O-O 17. Ke2 e6 18. g3 h6 19. h4 Rac8 20. Rhc1 Rfd8 21. Ne1
Bf8 22. Nd3 Kf7 23. a4 Be7 24. Rb1 Rc7 25. Ne1 Rdd7 26. Nf3 Kg7 27. Kf1 Bd8 28.
Bd2 Rd5 29. Be3 Rcd7 30. Kg2 Ne7 31. Nd2 Nc6 32. Nf3 Be7 33. Kh3 Na5 34. Rc8 b5
35. axb5 axb5 36. g4 fxg4+ 37. Kxg4 b4 38. Kh3 b3 39. Nd2 Rb7 40. Ne4 Rd8 41.
Rxd8 Bxd8 42. Nc5 Rb6 43. Bd2 Nc4 44. Nxb3 Na3 45. Rb2 Nc4 46. Rb1 Rxb3+ 47.
Rxb3 Nxd2 48. Rb7+ Kf8 49. Rh7 Bb6 50. h5 Bxd4 51. Rxh6 Bxe5 52. Rxg6 Kf7 53.
Rg4 Bg7 54. Rf4+ Ke7 55. Kg4 Bh6 56. Rb4 Kf6 57. f4 Bf8 58. Rb8 Bg7 59. Rb4 Bf8
60. Ra4 Nb3 61. Ra8 Bg7 62. Ra6 Nd4 63. Ra3 Nf5 64. Rb3 Nh6+ 65. Kf3 Bf8 66. Rb8
Bd6 67. Rb6 Bc5 68. Rb5 Be7 69. Rb8 Nf5 70. Ke4 1/2-1/2

[Event "WYCC U16 Open 2013"]
[Site "Al-Ain UAE"]
[Date "2013.12.21"]
[Round "5.13"]
[White "Juhasz, Armin"]
[Black "Bodek, Michael H"]
[Result "1/2-1/2"]
[BlackTitle "FM"]
[WhiteElo "2272"]
[BlackElo "2382"]
[WhiteFideId "724270"]
[BlackFideId "2043858"]
[EventDate "2013.12.18"]

1. d4 Nf6 2. c4 e6 3. Nf3 d5 4. Nc3 dxc4 5. e3 a6 6. a4 c5 7. Bxc4 Nc6 8. O-O
Be7 9. Qe2 cxd4 10. Rd1 e5 11. exd4 exd4 12. Nxd4 Nxd4 13. Qe5 Qd6 14. Qxd6 Bxd6
15. Rxd4 Bc5 16. Rd1 O-O 17. Bf4 Bg4 18. Re1 Rad8 19. Be3 Bxe3 1/2-1/2

[Event "WYCC U16 Open 2013"]
[Site "Al-Ain UAE"]
[Date "2013.12.21"]
[Round "5.14"]
[White "Hua, David A"]
[Black "Das, Sayantan"]
[Result "0-1"]
[BlackTitle "IM"]
[WhiteElo "2229"]
[BlackElo "2377"]
[WhiteFideId "2030047"]
[BlackFideId "5034426"]
[EventDate "2013.12.18"]

1. e4 e6 2. d4 d5 3. Nc3 Bb4 4. e5 Ne7 5. a3 Bxc3+ 6. bxc3 c5 7. Nf3 Bd7 8. a4
Qa5 9. Bd2 Nbc6 10. Bd3 c4 11. Be2 O-O-O 12. O-O f6 13. Re1 fxe5 14. Nxe5 Nxe5
15. dxe5 h6 16. Bg4 Nc6 17. Qf3 Rdf8 18. Qh3 Nd8 19. Qe3 g5 20. g3 h5 21. Bh3 g4
22. Bg2 Rf5 23. Reb1 Nc6 24. f4 gxf3 25. Bh3 f2+ 26. Kg2 d4 27. cxd4 Qd5+ 28.
Kf1 Qh1+ 29. Ke2 f1=Q+ 30. Bxf1 Nxd4+ 31. Qxd4 Qf3+ 32. Ke1 Qxf1# 0-1

[Event "WYCC U16 Open 2013"]
[Site "Al-Ain UAE"]
[Date "2013.12.21"]
[Round "5.16"]
[White "Tran, Tuan Minh"]
[Black "Jarmula, Lukasz"]
[Result "0-1"]
[WhiteTitle "FM"]
[WhiteElo "2330"]
[BlackElo "2213"]
[WhiteFideId "12401820"]
[BlackFideId "1160664"]
[EventDate "2013.12.18"]

1. d4 d5 2. c4 e6 3. Nc3 c6 4. Nf3 dxc4 5. a4 Bb4 6. e4 b5 7. Bd2 a5 8. Be2 Nf6
9. Qc2 Bxc3 10. bxc3 O-O 11. e5 Nd5 12. Ng5 f5 13. exf6 Nxf6 14. O-O Ra7 15. Bf4
Rb7 16. axb5 cxb5 17. Bf3 h6 18. Bxb7 Bxb7 19. Bxb8 hxg5 20. Be5 Be4 21. Qb2 Bc6
22. Bxf6 Qxf6 23. f3 e5 24. d5 Bd7 25. Qa3 Bf5 26. Qc5 Bd3 27. Rf2 b4 28. Qxa5
e4 29. Qxb4 g4 30. Re1 gxf3 31. gxf3 e3 32. Rb2 Qxf3 33. Qb6 Be4 0-1

[Event "WYCC U16 Open 2013"]
[Site "Al-Ain UAE"]
[Date "2013.12.21"]
[Round "5.17"]
[White "Eggink, Ryszard"]
[Black "Bellahcene, Bilel"]
[Result "1-0"]
[BlackTitle "FM"]
[WhiteElo "2165"]
[BlackElo "2311"]
[WhiteFideId "1125869"]
[BlackFideId "696358"]
[EventDate "2013.12.18"]

1. e4 e5 2. Nf3 Nc6 3. Bb5 a6 4. Ba4 Nf6 5. O-O Be7 6. d3 b5 7. Bb3 O-O 8. a4 b4
9. Bd5 Bd6 10. Bg5 h6 11. Bh4 Rb8 12. Nbd2 g5 13. Bg3 Nh5 14. Nc4 Qe7 15. Bxe5
Nxe5 16. Nxd6 cxd6 17. Nxe5 dxe5 18. Qxh5 Kg7 19. a5 Rb5 20. Bc4 Rc5 21. Qe2 f5
22. exf5 d5 23. Bb3 Qd6 24. d4 exd4 25. Qd2 Qf6 26. g4 h5 27. f3 hxg4 28. fxg4
Re8 29. Rfe1 Re4 30. Rxe4 dxe4 31. Rd1 d3 32. Qxb4 dxc2 33. Qxc5 cxd1=R+ 34.
Bxd1 Qxb2 35. Qc7+ Kf6 36. Qb6+ Qxb6+ 37. axb6 a5 38. Kf2 Ke5 39. Ke3 Bb7 40.
Bc2 Bc6 41. f6 1-0

[Event "WYCC U16 Open 2013"]
[Site "Al-Ain UAE"]
[Date "2013.12.21"]
[Round "5.18"]
[White "Nastase, Robert-Paul"]
[Black "Basso, Pier Luigi"]
[Result "0-1"]
[WhiteElo "2141"]
[BlackElo "2303"]
[WhiteFideId "1221175"]
[BlackFideId "866970"]
[EventDate "2013.12.18"]

1. e4 d6 2. d4 Nf6 3. Nc3 g6 4. f4 Bg7 5. Nf3 O-O 6. Be3 Nc6 7. Qd2 e5 8. O-O-O
Ng4 9. fxe5 dxe5 10. d5 Nxe3 11. Qxe3 Nd4 12. Ne2 Nxf3 13. gxf3 Qh4 14. Kb1 f5
15. Nc3 a6 16. Be2 Rf7 17. Bc4 f4 18. Qe2 b5 19. Bb3 Bf8 20. d6 Bxd6 21. a4 bxa4
22. Nxa4 Qe7 23. Qc4 Bh3 24. Rhg1 Kg7 25. Qxf7+ Qxf7 26. Bxf7 Kxf7 27. Nb6 Re8
28. Nc4 Bc5 29. Rge1 Bf2 30. Re2 Bh4 31. Rd5 Bf1 32. Rd7+ Ke6 33. Red2 Bxc4 34.
Rxc7 Bf1 35. c4 Re7 36. Rc8 Rd7 37. Rc6+ Ke7 38. Rd5 Rxd5 39. exd5 Bd3+ 40. Kc1
e4 41. Kd2 Bb1 42. Re6+ Kd8 43. Rxe4 Bxe4 44. fxe4 Bf6 45. b4 Bd4 46. Kd3 f3 47.
h3 g5 48. e5 Bxe5 49. Ke3 Bd6 50. c5 Bxc5+ 51. bxc5 a5 52. Kxf3 a4 53. Kg4 a3 0-1

[Event "WYCC U16 Open 2013"]
[Site "Al-Ain UAE"]
[Date "2013.12.21"]
[Round "5.19"]
[White "Tutisani, Noe"]
[Black "Petrosyan, Manuel"]
[Result "0-1"]
[BlackTitle "CM"]
[WhiteElo "2120"]
[BlackElo "2294"]
[WhiteFideId "13602853"]
[BlackFideId "13300857"]
[EventDate "2013.12.18"]

1. e4 c5 2. Nf3 e6 3. d4 cxd4 4. Nxd4 Nc6 5. Nc3 Qc7 6. Be3 a6 7. Nb3 Nf6 8. Bd3
Ne5 9. Bd4 b5 10. O-O Bb7 11. f4 Nc6 12. Be3 d6 13. Qf3 Be7 14. Qh3 Nb4 15. a3
Nxd3 16. cxd3 O-O 17. Rf3 a5 18. Nd4 b4 19. Ncb5 Qd7 20. a4 g6 21. Rg3 Kh8 22.
Nf3 Nh5 23. Bd4+ f6 24. Nh4 Rg8 25. Rg4 e5 26. f5 g5 27. Be3 Bc6 28. Nf3 Bxb5
29. axb5 Nf4 30. Bxf4 exf4 31. Qh6 Bf8 32. Qxf6+ Bg7 33. Qe6 Qxe6 34. fxe6 Bxb2
35. Rb1 Bf6 36. h4 h5 37. Rxg5 Bxg5 38. Nxg5 Kg7 39. b6 Rgb8 40. Rc1 b3 41. Rc7+
Kg6 42. b7 b2 0-1

[Event "WYCC U16 Open 2013"]
[Site "Al-Ain UAE"]
[Date "2013.12.21"]
[Round "5.20"]
[White "Ali Marandi, Cemil Can"]
[Black "Nazarov, Rustem"]
[Result "1/2-1/2"]
[WhiteTitle "IM"]
[WhiteElo "2391"]
[BlackElo "2136"]
[WhiteFideId "6300529"]
[BlackFideId "14002280"]
[EventDate "2013.12.18"]

1. e4 c5 2. c3 Nf6 3. e5 Nd5 4. Nf3 b6 5. d4 cxd4 6. cxd4 Bb7 7. a3 e6 8. Bd3
Be7 9. O-O O-O 10. Nbd2 d6 11. Ne4 dxe5 12. dxe5 Nd7 13. Re1 Nc5 14. Nxc5 bxc5
15. Qc2 h6 16. Qe2 Qd7 17. Bd2 Rad8 18. Rad1 Rfe8 19. Bb1 Bf8 20. h4 Qa4 21. Qe4
Qxe4 22. Bxe4 Rb8 23. Bc1 c4 24. Bd2 Ba8 25. Bxd5 Bxd5 26. Bc3 Bc5 27. Rd2 Bxf3
28. gxf3 Red8 29. Rxd8+ Rxd8 30. Re4 Rc8 31. h5 g6 32. hxg6 fxg6 33. Kg2 Bb6 34.
a4 a6 35. a5 Ba7 36. Re1 Rd8 37. f4 Kf7 38. Ra1 Bd4 39. Ra4 Bxc3 40. bxc3 Rd5
41. Rxc4 Rxa5 42. Rc7+ Kf8 43. Ra7 Ra4 44. Kg3 Rc4 45. Rxa6 1/2-1/2

[Event "WYCC U16 Open 2013"]
[Site "Al-Ain UAE"]
[Date "2013.12.21"]
[Round "5.21"]
[White "Pamatmat, Jarod M"]
[Black "Vavulin, Maksim"]
[Result "0-1"]
[WhiteElo "2164"]
[BlackElo "2410"]
[WhiteFideId "2029685"]
[BlackFideId "4169530"]
[EventDate "2013.12.18"]

1. d4 Nf6 2. c4 e6 3. Nc3 c5 4. d5 exd5 5. cxd5 d6 6. e4 g6 7. Bd3 Bg7 8. h3 O-O
9. Nf3 a6 10. O-O b5 11. Bf4 Re8 12. Re1 Ra7 13. a3 Rae7 14. Rc1 Qb6 15. b4 Nbd7
16. Be3 Qb8 17. Re2 Bb7 18. Bb1 Rc8 19. bxc5 Nxc5 20. Bg5 h6 21. Bf4 Nfd7 22.
Bh2 Ba8 23. Kh1 Ree8 24. Nd4 Bxd4 0-1

[Event "WYCC U16 Open 2013"]
[Site "Al-Ain UAE"]
[Date "2013.12.21"]
[Round "5.22"]
[White "Akhmetov, Ayan"]
[Black "Popov, Kirill"]
[Result "0-1"]
[WhiteElo "2382"]
[BlackElo "2158"]
[WhiteFideId "13703706"]
[BlackFideId "24157457"]
[EventDate "2013.12.18"]

1. e4 e6 2. d4 d5 3. e5 c5 4. c3 Nc6 5. Nf3 Bd7 6. Be2 f6 7. O-O fxe5 8. Nxe5
Nxe5 9. dxe5 Qc7 10. c4 d4 11. Bf4 O-O-O 12. b4 Bc6 13. bxc5 Bxc5 14. Nd2 g5 15.
Bg3 Nh6 16. Bf3 Nf5 17. Rb1 h5 18. Ne4 Bxe4 19. Bxe4 b6 20. h4 Nxg3 21. fxg3 d3+
22. Kh1 Qxe5 23. Qe1 Kb8 24. Bf3 Qxe1 25. Rbxe1 g4 26. Be4 d2 27. Rd1 Be3 28.
Rf7 Rd4 29. Rb7+ Kc8 30. Rxa7 Rxe4 31. Ra8+ Kb7 32. Rxh8 Rxc4 0-1

[Event "WYCC U16 Open 2013"]
[Site "Al-Ain UAE"]
[Date "2013.12.21"]
[Round "5.23"]
[White "Sardana, Rishi"]
[Black "Petr, Jan2"]
[Result "1-0"]
[WhiteElo "2373"]
[BlackElo "2151"]
[WhiteFideId "25004301"]
[BlackFideId "345784"]
[EventDate "2013.12.18"]

1. e4 e5 2. Nf3 Nc6 3. Bb5 f5 4. d3 Nf6 5. O-O Bc5 6. exf5 O-O 7. Nc3 Nd4 8.
Nxd4 Bxd4 9. Ne2 c6 10. Nxd4 exd4 11. Ba4 d5 12. g4 g6 13. g5 Nd7 14. f6 Nc5 15.
Bb3 Bh3 16. Re1 Qd7 17. Qf3 Rae8 18. Bd2 Bg4 19. Qf4 Be2 20. f3 Re6 21. Qxd4
Bxf3 22. Bc3 h6 23. Rf1 Rfxf6 24. gxf6 Rxf6 25. Rxf3 Rxf3 26. Re1 Ne6 27. Rxe6 1-0

[Event "WYCC U16 Open 2013"]
[Site "Al-Ain UAE"]
[Date "2013.12.21"]
[Round "5.24"]
[White "Enkhnar, Enkhbaatar"]
[Black "Gorbanovsky, Oleg"]
[Result "1/2-1/2"]
[WhiteElo "2309"]
[BlackElo "2147"]
[WhiteFideId "4900324"]
[BlackFideId "13903829"]
[EventDate "2013.12.18"]

1. Nf3 Nf6 2. c4 e6 3. g3 b6 4. Bg2 Bb7 5. O-O Be7 6. b3 O-O 7. Bb2 d5 8. Ne5 c5
9. d4 cxd4 10. Bxd4 Nc6 11. Nxc6 Bxc6 12. Nc3 Rc8 13. cxd5 Nxd5 14. Nxd5 Bxd5
15. e4 Bb7 16. Be5 Qxd1 17. Rfxd1 Rfd8 18. Rxd8+ Rxd8 19. Bf4 Ba3 20. Be3 f6 21.
f3 Ba6 22. Bf1 Bxf1 23. Kxf1 Kf7 24. Ke2 Rc8 25. Bd2 Be7 26. Rc1 Rxc1 27. Bxc1
Ke8 28. Kd3 Kd7 29. Bb2 Bc5 30. g4 e5 31. g5 Ke6 32. gxf6 gxf6 33. a4 a6 34. Kc4
Kd6 35. h3 Kc6 36. Kd3 b5 37. f4 exf4 38. Ke2 bxa4 39. bxa4 Be7 40. Kf3 Kd7 41.
Kxf4 Ke6 42. Kg4 Bb4 43. Bd4 Bd2 44. Kf3 f5 45. Ke2 Ba5 46. Kd3 fxe4+ 47. Kxe4
Bd2 48. Bc5 Bc3 49. Ba3 Be5 50. Bb4 Bb2 51. Kf4 Kf6 1/2-1/2

[Event "WYCC U16 Open 2013"]
[Site "Al-Ain UAE"]
[Date "2013.12.21"]
[Round "5.25"]
[White "Kumsiashvili, Nikoloz"]
[Black "Kourkoulos-Arditis, Stamatis"]
[Result "1/2-1/2"]
[WhiteElo "2126"]
[BlackElo "2297"]
[WhiteFideId "13600621"]
[BlackFideId "4221990"]
[EventDate "2013.12.18"]

1. d4 Nf6 2. c4 e6 3. Nf3 b6 4. g3 Ba6 5. Qc2 Bb4+ 6. Bd2 Qe7 7. Bg2 Bb7 8. O-O
Bxd2 9. Nbxd2 d6 10. e4 e5 11. d5 O-O 12. b4 Nbd7 13. Rfc1 a5 14. a3 Ng4 15. Ne1
f5 16. exf5 Nh6 17. Bh3 Nf6 18. f3 Nf7 19. Bf1 Nh5 20. g4 Nf4 21. Nd3 Ng5 22.
Re1 Ngh3+ 23. Bxh3 Nxh3+ 24. Kg2 Qh4 25. Ne4 h5 26. Nef2 hxg4 27. fxg4 c6 28. c5
cxd5 29. c6 Ba6 30. Qd1 Bxd3 31. Nxd3 d4 32. Qf3 Ng5 33. Qd5+ Kh8 34. Nf2 Nh3
35. Nxh3 Qxg4+ 36. Kh1 Qxh3 37. c7 Qxf5 38. Rac1 Rac8 39. Rc6 axb4 40. axb4 d3
41. Rxd6 Qf2 42. Qxe5 Qf3+ 43. Kg1 Rxc7 44. Qg3 Rc2 45. Rxd3 Rg2+ 46. Qxg2 Qxd3
47. Kh1 Qf5 1/2-1/2

[Event "WYCC U16 Open 2013"]
[Site "Al-Ain UAE"]
[Date "2013.12.21"]
[Round "5.26"]
[White "Toma, Radu-Cristian"]
[Black "Rohan, Ahuja"]
[Result "1-0"]
[WhiteElo "2245"]
[BlackElo "2128"]
[WhiteFideId "1217992"]
[BlackFideId "5090598"]
[EventDate "2013.12.18"]

1. d4 Nf6 2. Nf3 g6 3. Nbd2 Bg7 4. e4 d6 5. Bd3 O-O 6. O-O c5 7. c3 cxd4 8. cxd4
Nc6 9. h3 Bd7 10. a3 Nh5 11. Nb3 e5 12. Be3 Nf4 13. d5 Ne7 14. Bxf4 exf4 15. Qd2
Qb6 16. Na5 Bb5 17. Bxb5 Qxb5 18. a4 Qa6 19. Qb4 Rfc8 20. Qxb7 Qxa5 21. Qxe7 Re8
22. Qxd6 Rxe4 23. Rfe1 Rxe1+ 24. Rxe1 Rd8 25. Qxf4 Qxd5 26. b4 Bf8 27. Qe4 Qxe4
28. Rxe4 Rd1+ 29. Kh2 a6 30. Ne5 Bd6 31. f4 Ra1 32. a5 Rb1 33. Nd3 g5 34. Rd4
Bxf4+ 35. Nxf4 gxf4 36. Rxf4 Rb3 37. h4 Kg7 38. g3 h5 39. Rc4 Rb2+ 40. Kg1 Kg6
41. Kf1 f6 42. Ke1 Kf5 43. Kd1 Rb3 44. Kc2 Rxg3 45. Rc5+ Ke4 46. Rc6 Kd4 47.
Rxa6 Kc4 48. Rb6 Rg2+ 49. Kd1 Ra2 50. a6 f5 51. b5 f4 52. Rb7 f3 53. Ke1 f2+ 54.
Kf1 Kd3 55. a7 Ke3 56. Re7+ Kf3 57. Rf7+ Kg3 58. b6 Ra1+ 59. Ke2 Ra2+ 60. Kd3
Ra3+ 61. Kc2 Ra2+ 62. Kb3 Ra6 63. Kc3 Kg2 64. Rxf2+ Kxf2 65. b7 Rxa7 66. b8=Q
Ra4 67. Qh2+ Kf3 68. Kd3 Ra3+ 69. Kd4 Kg4 70. Qe2+ Kg3 71. Qe5+ Kg4 72. Qe6+ Kf3
73. Qd5+ Kg4 74. Qd7+ Kf3 75. Qf7+ Kg4 76. Qg7+ Kh3 77. Qd7+ Kg2 78. Ke4 Rh3 79.
Qd2+ Kh1 80. Qd1+ 1-0

[Event "WYCC U16 Open 2013"]
[Site "Al-Ain UAE"]
[Date "2013.12.21"]
[Round "5.27"]
[White "Lopatik, Nikita"]
[Black "Mousavi, Seyed Khalil"]
[Result "0-1"]
[BlackTitle "FM"]
[WhiteElo "1956"]
[BlackElo "2238"]
[WhiteFideId "13504150"]
[BlackFideId "12511099"]
[EventDate "2013.12.18"]

1. e4 e6 2. d4 d5 3. Nd2 a6 4. Ngf3 Nf6 5. Bd3 c5 6. c3 Nc6 7. dxc5 dxe4 8. Nxe4
Nxe4 9. Bxe4 Qxd1+ 10. Kxd1 Bxc5 11. Ke2 Bd7 12. Rd1 f5 13. Bc2 e5 14. Be3 Bxe3
15. Kxe3 Ke7 16. Rd2 e4 17. Nd4 Ne5 18. Ke2 Nc4 19. Rdd1 Nxb2 20. Rdb1 Nc4 21.
Rxb7 Nd6 22. Rb3 Rhc8 23. Rc1 Ba4 24. Ra3 Bb5+ 25. Ke1 Kf6 26. Bb1 Bc4 27. Ra4
Rab8 28. Rb4 Rxb4 29. cxb4 Ke5 30. Ne2 f4 31. Kd2 g5 32. Nc3 h6 33. Bc2 Be6 34.
Ba4 Nc4+ 35. Ke1 Nb2 0-1